FAKE Countries - Statistics

General Stats
  • This quiz has been taken 38 times
  • The average score is 23 of 30
Answer Stats
Answer % Correct
F France
94%
K Kazakhstan
94%
K Kyrgyzstan
94%
A Armenia
90%
F Fiji
90%
K Kenya
90%
A Albania
87%
A Andorra
87%
A Algeria
84%
E Ethiopia
84%
F Finland
84%
E Estonia
81%
A Afghanistan
77%
A Antigua and Barbuda
77%
A Australia
77%
A Austria
77%
A Azerbaijan
77%
E Ecuador
77%
E El Salvador
77%
E Eritrea
77%
A Angola
74%
K Kiribati
74%
K Kosovo
74%
A Argentina
71%
E Eswatini
68%
K Kuwait
65%
E East Timor
61%
E Equatorial Guinea
61%
E Egypt
58%
F FS Micronesia
52%
No matching quizzes found
Score Distribution
Percent of People with Each Score
Percentile by Number Answered
Your Score History
You have not taken this quiz